00784nam a2200181 a 450000500170000000800410001705000190005810000140007724500290009126000370012030000130015750000310017052002460020165000120044794200080045999900190046795201160048620140414093832.0020926s19uu xx 00 eng d aVHS 900bOR 13 aTime Life aAfricaba history denied aSingaporebTime Life Asiacc1995 a48 mins. anarrrated by Sam Waterston aCloaked in darkness since medieval times, the spectacular ruins of the once dazzling, southern African kingdom of Great Zimbabwe posed a thorny dilemma for white settlers who claimed to have discovered the region a mere hundred years before. aHistory cAVM c108803d108803 00104050aLUXbLUXcAVd2003-07-11eLib. Fundl0oVHS 900 OR 13pAV0269r2014-04-14 00:00:00w2014-04-14yAVM